[Event "BRA-ch para Deficientes Visuais sf"]
[Site "Caraguatatuba"]
[Date "2015.09.20"]
[Round "5.4"]
[White "Pontes, Jaderson Lucio"]
[Black "Silvestre da Silva, Sidnei"]
[Result "0-1"]
[WhiteElo "1652"]
[BlackElo "1548"]
[PlyCount "134"]
[EventDate "2015.09.18"]
[EventType "swiss"]
[EventRounds "5"]
[EventCountry "BRA"]
[SourceTitle "EXT 2022"]
[Source "ChessBase"]
[SourceDate "2021.10.06"]
[SourceVersion "1"]
[SourceVersionDate "2021.10.06"]
[SourceQuality "1"]

1. Nf3 d5 2. b3 Bf5 3. Bb2 e6 4. e3 Nf6 5. c4 c6 6. cxd5 exd5 7. Nc3 Bd6 8. Ne2 Nbd7 9. Ned4 Bg6 10. Be2 Qc7 11. Rc1 a6 12. a3 0-0 13. Nh4 Ne4 14. Nxg6 hxg6 15. Bf3 Ndf6 16. d3 Ng5 17. h4 Nxf3+ 18. Nxf3 Rfe8 19. Ng5 Bxa3 20. Bxa3 Qa5+ 21. Kf1 Qxa3 22. Qc2 Qd6 23. d4 Ne4 24. Nf3 Re6 25. h5 gxh5 26. Rxh5 Rh6 27. Rxh6 Qxh6 28. Qe2 Re8 29. Kg1 g6 30. Ne5 Kg7 31. Qg4 Rh8 32. Qh3 Qxh3 33. gxh3 Rxh3 34. Nd3 Rh8 35. Ne5 a5 36. Ra1 Ra8 37. Nd7 Nd2 38. Ra3 b5 39. Nb6 Ra6 40. Nd7 b4 41. Ra4 Nxb3 42. Nb8 Rb6 43. Nd7 Rb7 44. Ne5 Rc7 45. Nd3 Ra7 46. Kf1 Nd2+ 47. Ke2 Nc4 48. Nxb4 Rc7 49. Na6 Rb7 50. Nc5 Rb2+ 51. Kf3 Nd2+ 52. Kf4 Nc4 53. Nd3 Rd2 54. Ne5 Rxf2+ 55. Kg3 Rc2 56. Kf4 Nxe5 57. Kxe5 Re2 58. Kf4 Rb2 59. Rxa5 Rb5 60. Ra2 c5 61. dxc5 Rxc5 62. Rd2 Kf6 63. Rf2 Ke6 64. Kg5 d4+ 65. Kh6 dxe3 66. Rf3 Re5 67. Rf1 e2 0-1

[Event "BRA-ch para Deficientes Visuais sf"]
[Site "Caraguatatuba"]
[Date "2015.09.19"]
[Round "3.4"]
[White "Pontes, Jaderson Lucio"]
[Black "Teles, Jeferson Lisboa"]
[Result "1-0"]
[WhiteElo "1652"]
[BlackElo "1703"]
[PlyCount "69"]
[EventDate "2015.09.18"]
[EventType "swiss"]
[EventRounds "5"]
[EventCountry "BRA"]
[SourceTitle "EXT 2022"]
[Source "ChessBase"]
[SourceDate "2021.10.06"]
[SourceVersion "1"]
[SourceVersionDate "2021.10.06"]
[SourceQuality "1"]

1. Nf3 d5 2. b3 Nc6 3. Bb2 Bf5 4. e3 Qd6 5. Be2 Nb4 6. a3 Nxc2+ 7. Qxc2 Bxc2 8. Nd4 Bxb1 9. Rxb1 e5 10. Nb5 Qg6 11. 0-0 0-0-0 12. Nxa7+ Kb8 13. Nb5 Nf6 14. Bxe5 Rd7 15. Rbc1 Bd6 16. Nxd6 cxd6 17. Bg3 Ne4 18. Bd3 f5 19. Bb5 Rdd8 20. d3 Nd2 21. Rfd1 Nxb3 22. Rb1 Nc5 23. Rdc1 Ka7 24. Rb4 f4 25. Bxf4 Nxd3 26. Ra4+ Kb6 27. Bxd3 Qxd3 28. Rb4+ Ka7 29. h3 Rc8 30. Rcb1 Qxa3 31. Rxb7+ Ka8 32. R1b3 Qa6 33. R7b6 Qc4 34. Ra3+ Qa4 35. Rxa4# 1-0